000 02058nam a2200349 c 4500
003 BLK
005 20180422101807.0
008 180408b bul|||||r ||||||| ||bul||
010 _aKNG00058097000
020 _a954-584-333-0
_bиздат.: Мария Арабаджиева - на том(т. 1)
040 _aBLK
041 _aBUL
_cBUL
080 _aИстория на Перу
_b985
_x
_z985
100 1 _aГарсиласо де ла Вега, Инка
_eпърви автор
_951430
700 1 _aАрабаджиева, Мария
_eпрев. от фр.
_9367954
139 _aГарсиласо де ла Вега, Инка
_bГ 23
245 1 0 _aИстория на империята на инките
_bТ. 1 -
_cИнка Гарсиласо де ла Вега; прев. от фр. Мария Арабаджиева.
_nТ. 1
_pКралските коментарии или История на империята на инките
257 _aPER
260 София
_c2006 -
_fСофия : Булвест
300 _c23 см
380 _a9
500 _aОриг. загл. Comentarios reales de los incas / Inka Garcilaso de la Vega.
650 4 _aИнки - история
_9259234
653 _aинки
653 _aистория
760 1 _3- на том(т. 1)
_aГарсиласо де ла Вега, Инка
_dМария Арабаджиева, 2006
_h408 с. : с ил.
_nСъдържа и Инка Гарселасо де ла Вега и неговото литературно наследство / Мария Арабаджиева, Борис Александров ; Речник на езика кечуа и на различните термини ; Кратък енциклопедичен речник / Състав. Мария Арабаджиева
_tТ. 1 Кралските коментарии или История на империята на инките
852 _aЦб 226324
856 4 _qpdf
_u
856 4 _qpdf
_u
942 _cKNG
_n0
944 _aCR
_c03.02.2006
_kГеновева_Генчева
944 _aED
_c23.02.2007
_k
999 _c54153
_d54153